000 01736nam0a2200385 4500
001 RU\NLR\bibl\1487592
005 20260406141623.0
010 _a978-5-235-03324-5
021 _aRU
_b2010-4926
_9309
035 _a(NLR Aleph) 001479191
090 _a1692602
_c1692602
100 _a20100320d2010 |||y0rusy50 ca
101 0 _arus
102 _aRU
105 _aa |||||||||
200 1 _aСталин
_fСвятослав Рыбас
205 _a[Изд. 2-е]
210 _aМосква
_cМолодая гвардия
_d2010
215 _a901, [1] с., [16] л. ил., портр., факс.
_d21
225 1 _aЖизнь замечательных людей
_eсерия биографий
_fоснована в 1890 г. Ф. Павленковым и продолжена в 1933 г. М. Горьким
_v1419 (1219)
300 _aНа 4-й с. обл. авт.: писатель-историк Святослав Рыбас
320 _aБиблиогр. в примеч.: с. 865-880 и Библиогр.: с. 885-892
320 _aДр. произведения авт. на 4-й с. обл.
600 1 _aСталин
_bИ. В.
_f1879 - 1953
_gИосиф Виссарионович
_91004150
_3RU\NLR\auth\6663550
686 _aТ3(2)7-8
686 _aФ61(2)8
686 _aЦ4,6(2)243дСталин
700 1 _4070
_7ca
_8rus
_aРыбас
_bС. Ю.
_f1946-
_gСвятослав Юрьевич
_9211025
_3RU\NLR\AUTH\770211081
702 1 _4570
_8rus
_7ca
_aСталин
_bИ. В.
_f1879-1953
_gИосиф Виссарионович
_3RU\NLR\auth\773464
_9113460
801 0 _aRU
_bNLR
_c20100320
_gRCR
801 1 _aRU
_bNLR
_c20100320
830 _aавт. по кн.
942 _cBOOK
980 _aNB